Datum a čas kvízu
31.5
Celkem bodů
Celkový počet nahraných bodů na tomto kvízu bez doplňovacích otázek.
7.
Pořadí na kvízu
Konečné umístění týmu na tomto kvízu.
Zaznamenané odpovědi
| # | Otázka | Odpověď | Body | Výsledky |
|---|---|---|---|---|
| 1. | Aktuality samozřejmě otevřeme... | Karel Diviš | 1 | |
| 2. | V jednom státě nedlouho po pre... | Brazílie | 1 | |
| 3. | Dva letošní Zlaté globy – za n... | Steven Spielberg, Fabelmanovi | 0.5 | |
| 4. | Jak se jmenuje knižní bestsell... | Náhradník (Spare) | 1 | |
| 5. | Bývalá světová jednička a drži... | Naomi Ósaka | 1 | |
| 6. | V tomto tématu se budeme věnov... | imploze | 1 | |
| 7. | Výbuchy lze rozdělit na několi... | Krakatoa (Krakatau) | 0 | |
| 8. | K největší explozi zapříčiněné... | B | 1 | |
| 9. | Jaderný výbuch je důsledkem pr... | KLDR (Severní Korea) | 1 | |
| 10. | Poznáte podle ukázky film z ro... | Saturnin | 1 |